ARRUPE JESUIT UNIVERSITY

CORONAVIRUS -STOP THE SPREAD - CLEAN,DISINFECT,COVER

The Kohut seminars on self psychology and psychotherapy with adolescents and young adults / (Record no. 129435)

MARC details
000 -LEADER
fixed length control field 01333cam a2200397 a 4500
001 - CONTROL NUMBER
control field 1476787
003 - CONTROL NUMBER IDENTIFIER
control field ARRUPE
005 - DATE AND TIME OF LATEST TRANSACTION
control field 20190424140447.0
008 - FIXED-LENGTH DATA ELEMENTS--GENERAL INFORMATION
fixed length control field 870317r19871974nyu b 001 0 eng c
010 ## - LIBRARY OF CONGRESS CONTROL NUMBER
LC control number 87007724
020 ## - INTERNATIONAL STANDARD BOOK NUMBER
International Standard Book Number 0393700410 :
Terms of availability $32.95
040 ## - CATALOGING SOURCE
Original cataloging agency DNLM/DLC
Transcribing agency DLC
Modifying agency DLC
050 00 - LIBRARY OF CONGRESS CALL NUMBER
Classification number RJ503
Item number .K64 1987
060 ## - NATIONAL LIBRARY OF MEDICINE CALL NUMBER
Classification number WM 460.5.E3 K79e
082 00 - DEWEY DECIMAL CLASSIFICATION NUMBER
Classification number 616.89/14/088055
Edition number 19
300 ## - PHYSICAL DESCRIPTION
Dimensions 24 cm.
100 1# - MAIN ENTRY--PERSONAL NAME
Personal name Kohut, Heinz.
9 (RLIN) 45916
245 14 - TITLE STATEMENT
Title The Kohut seminars on self psychology and psychotherapy with adolescents and young adults /
Statement of responsibility, etc edited by Miriam Elson.
250 ## - EDITION STATEMENT
Edition statement 1st ed.
260 ## - PUBLICATION, DISTRIBUTION, ETC. (IMPRINT)
Place of publication, distribution, etc New York :
Name of publisher, distributor, etc W.W. Norton,
Date of publication, distribution, etc c1987.
300 ## - PHYSICAL DESCRIPTION
Extent xiii, 318 p. ;
500 ## - GENERAL NOTE
General note Originally published: Self esteem and ideals. [Chicago?] : M. Elson, c1974.
500 ## - GENERAL NOTE
General note "A Norton professional book"--P. facing t.p.
500 ## - GENERAL NOTE
General note Includes index.
504 ## - BIBLIOGRAPHY, ETC. NOTE
Bibliography, etc Bibliography: p. 310-312.
600 10 - SUBJECT ADDED ENTRY--PERSONAL NAME
Personal name Kohut, Heinz.
9 (RLIN) 45916
650 #0 - SUBJECT ADDED ENTRY--TOPICAL TERM
Topical term or geographic name as entry element Adolescent psychotherapy.
9 (RLIN) 45917
650 #0 - SUBJECT ADDED ENTRY--TOPICAL TERM
Topical term or geographic name as entry element Self psychology.
9 (RLIN) 45652
650 #2 - SUBJECT ADDED ENTRY--TOPICAL TERM
Topical term or geographic name as entry element Ego.
9 (RLIN) 45918
650 #2 - SUBJECT ADDED ENTRY--TOPICAL TERM
Topical term or geographic name as entry element Narcissism.
9 (RLIN) 45919
650 #2 - SUBJECT ADDED ENTRY--TOPICAL TERM
Topical term or geographic name as entry element Psychoanalytic Therapy.
9 (RLIN) 45920
650 #2 - SUBJECT ADDED ENTRY--TOPICAL TERM
Topical term or geographic name as entry element Self Concept.
9 (RLIN) 45921
700 1# - ADDED ENTRY--PERSONAL NAME
Personal name Elson, Miriam.
9 (RLIN) 45922
700 1# - ADDED ENTRY--PERSONAL NAME
Personal name Kohut, Heinz.
Title of a work Self esteem and ideals.
9 (RLIN) 45923
740 0# - ADDED ENTRY--UNCONTROLLED RELATED/ANALYTICAL TITLE
Uncontrolled related/analytical title Kohut seminars.
906 ## - LOCAL DATA ELEMENT F, LDF (RLIN)
a 7
b cbc
c orignew
d 1
e ocip
f 19
g y-gencatlg
942 ## - ADDED ENTRY ELEMENTS (KOHA)
Source of classification or shelving scheme Library of Congress Classification
Koha item type Monograph ( Printed materials)
Holdings
Withdrawn status Lost status Source of classification or shelving scheme Damaged status Not for loan Collection code Home library Current library Shelving location Date acquired Total Checkouts Full call number Barcode Date last seen Price effective from Koha item type
    Library of Congress Classification     Main Collection ARRUPE LIBRARY ARRUPE LIBRARY Main Collection 24/04/2019   RJ503 .K64 1987 46600004554 24/04/2019 24/04/2019 Monograph ( Printed materials)

 

Arrupe Library. PO Box MP320 Mt Pleasant, Harare, Zimbabwe
263 242 745411|librarian@aju.ac.zw